000 00771cab a2200193 4500
001 WB2419-20
008 090401t1988 xxu||||| |||| 00| 0 eng d
035 _a(Sirsi) u11894
041 _aeng
245 _aRent review provisions in subleases
260 _c1988
350 _a0
490 _aEstates Gazette
_vno 8818, 7/5/88 p77
520 _aDiscusses the decision in R & A Millett (Shops) Ltd v Leon Allan International Fashions Ltd , ChD 2 December 1987, in which difficulties arose at rent review because the original sublease had not been drafted to take into account the possibility that the headlease might be surrendered.
650 _aSUDBROOK TRADING ESTATE LTD V EGGLETON
690 _aPROPERTY-LANDLORD AND TENANT
942 _n0
948 _c04/03/1997
999 _c7603
_d7603